| 000 | 00642nam a2200205Ia 4500 | ||
|---|---|---|---|
| 001 | te5-639 [d000000550] | ||
| 003 | IT-MiCISF | ||
| 008 | 161014s9999||||xx |||||||||||||| ||und|| | ||
| 040 |
_aIT-MiCISF _cIT-MiCISF |
||
| 041 | _ait | ||
| 100 | _aBernardini Sandro (a cura di) | ||
| 245 | 0 |
_aContributi allo studio della condizione degli anziani _b2 volumi |
|
| 250 | _a1a ed. | ||
| 260 |
_bFondazione Finney _c1989 |
||
| 300 | _ap. 341 | ||
| 500 | _a / anziani, società, sanità, pensionamento, servizi, famiglia, demografia, legislazione, comparazione / documento | ||
| 650 | _aterza-età | ||
| 942 | _cBK | ||
| 957 | _71 | ||
| 999 |
_a639 _bsi _g1 _c208727 _d208727 |
||